Rāmāyaṇaṃ. (Record no. 66855)

MARC details
000 -LEADER
fixed length control field 00641cam a22002531 4500
001 - CONTROL NUMBER
control field sa 65010650
003 - CONTROL NUMBER IDENTIFIER
control field DLC
005 - DATE AND TIME OF LATEST TRANSACTION
control field 20260227112210.0
008 - FIXED-LENGTH DATA ELEMENTS--GENERAL INFORMATION
fixed length control field 891004s1965 ii 000 0 telo
010 ## - LIBRARY OF CONGRESS CONTROL NUMBER
LC control number sa 65010650
035 ## - SYSTEM CONTROL NUMBER
System control number (OCoLC)20441706
040 ## - CATALOGING SOURCE
Original cataloging agency DLC
Transcribing agency WaU
Modifying agency DLC
042 ## - AUTHENTICATION CODE
Authentication code premarc
050 00 - LIBRARY OF CONGRESS CALL NUMBER
Classification number BL1225.R3
Item number M3
100 0# - MAIN ENTRY--PERSONAL NAME
Personal name Mahati.
245 10 - TITLE STATEMENT
Title Rāmāyaṇaṃ.
260 ## - PUBLICATION, DISTRIBUTION, ETC.
Date of publication, distribution, etc. [1965]
300 ## - PHYSICAL DESCRIPTION
Extent 240 p.
Dimensions 17 cm.
490 0# - SERIES STATEMENT
Series statement Bhagavan series. Telugu-book,
Volume/sequential designation 185
500 ## - GENERAL NOTE
General note In Telugu.
500 ## - GENERAL NOTE
General note Based on Vālmīki's Rāmāyaṇa.
650 #0 - SUBJECT ADDED ENTRY--TOPICAL TERM
Topical term or geographic name entry element Rāma (Hindu deity)
700 0# - ADDED ENTRY--PERSONAL NAME
Personal name Vālmīki.
Title of a work Rāmāyaṇa.

No items available.

Powered by Koha